000
00319nam a22001337a 4500
008
170414b xxu||||| |||| 00| 0 eng d
020
_a
2900073375556
041
_a
eng
080
_2
9TH
_a
612.39
100
_a
10
101
_a
SHM
245
_a
NUTRITION FOR HEALTH, FITNESS, & SPORT
_c
WILLIAMS, M.H
942
_2
udc
_c
BK
999
_c
10748
_d
10748